000 00843cam a2200241 i 4500
999 _c3577
_d3577
003 OSt
005 20220124093432.0
008 790601s1979 paua b 001 0 eng
020 _a0721630790
040 _cALUPE UNIVERSITY COLLEGE
050 0 0 _aR728.8
_b.D46
100 1 _aDiehl, Marcy Otis.
245 1 0 _aMedical transcribing :
_btechniques and procedures /
_cMarcy Otis Diehl, Marilyn Takahashi Fordney ; chapter opening ill. by Gail Niebrugge.
260 _aPhiladelphia :
_bSaunders,
_cc1979.
300 _ax, 438 p. :
_bill. ;
_c27 cm.
504 _aIncludes bibliographies and index.
650 0 _aMedical transcription.
650 0 _aDictation (Office practice)
650 0 _aMedical records.
700 1 _aFordney, Marilyn Takahashi,
_ejoint author.
906 _a7
_bcbc
_corignew
_d2
_eocip
_f19
_gy-gencatlg
942 _2lcc
_cBK
_nPW